Un impuesto liberal en una guerra contrainsurgente : las contribuciones directas en la Nueva España, 1810-1920 /

محفوظ في:
التفاصيل البيبلوغرافية
المؤلف الرئيسي: Serrano Ortega, José Antonio (autor)
التنسيق: كتاب
اللغة:الإسبانية
منشور في: Guanajuato, México : Gobierno del Estado de Guanajuato, Archivo General, 2003
الطبعة:Edición especial con motivo de 2003 Año de Don Miguel de Hidalgo y Costilla, Padre de la Patria
الموضوعات:
الوسوم: إضافة وسم
لا توجد وسوم, كن أول من يضع وسما على هذه التسجيلة!

MARC

LEADER 00000nam^a2200000^a^4500
001 000288858
005 20250521000000.0
009 20260310111921.904
037 |a Acervo ITESO - Biblioteca 
041 |a ESP 
082 |a 972. 03  |b SER 
100 |a Serrano Ortega, José Antonio  |e (autor) 
245 1 3 |a Un impuesto liberal en una guerra contrainsurgente :  |b las contribuciones directas en la Nueva España, 1810-1920 /  |c J.A. Serrano Ortega. 
250 |a Edición especial con motivo de 2003 Año de Don Miguel de Hidalgo y Costilla, Padre de la Patria 
264 4 |a Guanajuato, México :  |b Gobierno del Estado de Guanajuato, Archivo General,  |c 2003 
300 |a 72 p. 
336 |a texto  |b txt  |2 rdacontenido 
337 |a sin mediación  |b n  |2 rdamedio 
338 |a volumen  |b nc  |2 rdasoporte 
649 |a XX 
650 |a Independentistas Mexicanos 
650 |a Revolucionarios Mexicanos 
650 |a Impuestos -  |z México -  |x Historia -  |y Guerra de Independencia, 1810-1821 -  |x Tema Principal 
650 |a Política Fiscal -  |z México -  |x Historia -  |y Guerra de Independencia, 1810-1821 
650 |a Sistema Fiscal -  |z México -  |x Historia -  |y Guerra de Independencia, 1810-1821 
650 |a Finanzas Públicas -  |z México -  |x Historia -  |y Guerra de Independencia, 1810-1821 
650 |a Propaganda -  |z México -  |x Historia -  |y Guerra de Independencia, 1810-1821 
650 |a Nacionalismo -  |z México -  |x Historia -  |y Guerra de Independencia, 1810-1821 
650 |a Ideario Político -  |z México -  |x Historia -  |y Guerra de Independencia, 1810-1821 -  |x Tema Principal 
650 |a Discurso Político -  |z México -  |x Historia -  |y Guerra de Independencia, 1810-1821 
650 |a Comunicación y Política -  |z México -  |x Historia -  |y Guerra de Independencia, 1810-1821 
650 |a Administración Pública -  |z México -  |x Historia -  |y Guerra de Independencia, 1810-1821 
650 |a México -  |x Historia -  |y Guerra de Independencia, 1810-1821 
650 |a México -  |x Historia -  |y Virreinato, 1535-1821 
650 |a México -  |x Historia -  |y Epoca Colonial, 1517-1821 
740 3 |a El discurso de la unión :  |b el patriotismo novohispano en la propaganda realista durante el movimiento insurgente de Hidalgo /  |c J.A. Serrano Ortega. 
910 |a Fondo General 
920 |a Impresos - Libros 
930 |a Colección General 
905 |a 101 
901 |a 0500175684  |b IT1  |c ACC  |u 20250521 
902 |a https://opac.biblio.iteso.mx/vufind/Record/000288858